| Поле | Инд. | ПП | Название | Значение |
|---|---|---|---|---|
| Тип записи | a | |||
| Библиографический уровень | a | |||
| 001 | Контрольный номер | RU/IS/BASE/472728716 | ||
| 005 | Дата корректировки | 20141224093156.6 | ||
| 040 | a | Служба первич. каталог. | НБ ТвГУ | |
| b | Код языка каталог. | rus | ||
| e | Правила каталог. | PSBO | ||
| 041 | 0_ | a | Код языка текста | rus |
| 098 | b | Факультет | Педагогический | |
| c | Кафедра | русского языка с методикой начального обучения | ||
| 100 | 1_ | a | Автор | Корпусова Юлия Анатольевна |
| q | Полное имя | Корпусова Ю. А. | ||
| 245 | 10 | a | Заглавие | Организация внеклассной работы по русскому языку в начальной школе |
| 260 | a | Место издания | Тверь | |
| b | Издательство | Тверской государственный университет | ||
| c | Дата издания | 2010 | ||
| 504 | a | Библиография | Библиогр. в подстроч. примеч. | |
| 520 | a | Аннотация | О внеклассной работе как о форме углубленного изучения русского языка. Рассмотрена реализация некоторых принципов в организации внеклассной работы по русскому языку. | |
| 653 | a | Ключевые слова | Внеклассная работа | |
| a | Ключевые слова | Внеклассные занятия | ||
| a | Ключевые слова | Возрастные группы учащихся | ||
| a | Ключевые слова | Изучение русского языка | ||
| a | Ключевые слова | Развитие ребенка | ||
| a | Ключевые слова | Русский язык | ||
| a | Ключевые слова | Труды Тверского государственного университета | ||
| 700 | 1_ | a | Другие авторы | Матвеева М. А. |
| 773 | 08 | w | Контрольный № источника | RU/IS/BASE/468666087 |
| t | Название источника | Родная словесность в современном культурном и образовательном пространстве | ||
| d | Место и дата издания | Тверь : Тверской государственный университет, 2010 | ||
| g | Прочая информация | Вып. 1 (7). - С. 189-194 | ||
| 901 | t | Тип документа | a | |
| 920 | a | Оператор | Батя |